Państwa najbliżej Niemiec A-Z - Statystyki

Ogólne statystyki
  • Ten quiz został rozwiązany 76 razy
  • Średni wynik to 20 z 24
Statystyki odpowiedzi
Litera Państwo % Poprawnych
A Austria
97%
B Belgia
95%
D Dania
95%
F Francja
95%
C Czechy
93%
E Estonia
93%
H Holandia
88%
G Grecja
85%
I Irlandia
83%
K Kosowo
81%
Ł Łotwa
81%
P Polska
81%
R Rosja
81%
J Jordania
80%
L Luksemburg
80%
O Oman
80%
S Szwajcaria
80%
M Mołdawia
76%
N Norwegia
75%
U Ukraina
75%
V Vanuatu
75%
W Włochy
75%
Z Zjednoczone Emiraty Arabskie
66%
T Tunezja
61%
Nie znaleziono quizów pasujących do podanych kryteriów
Rozkład punktacji
Procent ludzi z każdym wynikiem
Percentyl według liczby udzielonych odpowiedzi
Twoja historia wyników
Nie rozwiązałeś tego quizu